000 00601cam a22002173a 4500
001 37830
003 PGUSA
005 20140828083830.0
008 111023s2011||||xxu|||||s|||||000 | eng d
040 _aPGUSA
_beng
042 _adc
100 1 _aDrachmann, Holger,
_d1846-1908
245 1 0 _aVenetsian yƶ
_h[electronic resource] /
_cHolger Drachmann
260 _bProject Gutenberg,
_c2011
506 _aPublic domain in the USA.
516 _aElectronic text
700 1 _aAnttila, Werner
830 0 _aProject Gutenberg
_v37830
856 4 0 _uhttp://www.gutenberg.org/ebooks/37830
942 _cEB
999 _c267084
_d267084